000 01471nam a2200469 i 4500
001 51432
003 KOSZ 005
005 20200212130516.0
008 000705s2000 pl a f |001 0 pol
015 _aPB 2000/12564
020 _a8372790086
035 _a991014228789705066
035 _a(PL-WaBN)b13822615-48omnis_nlop
035 _ab13822615
035 _a(OCoLC)316580703
035 _a(PL)b0000001382261
035 _a(EXLNZ-48OMNIS_NETWORK)9910074269305606
040 _aWA N
_cWA N
_dKOSZ 005/HR
041 0 _apol
046 _k2000
080 _a004.31:621.3.049.77
080 _a(07)
100 1 _aDaca, Wieńczysław
_eAutor
245 1 0 _aMikrokontrolery od układów 8-bitowych do 32-bitowych /
_cWieńczysław Daca.
260 _aWarszawa :
_b"Mikom",
_c2000.
300 _a190 s. :
_bil. ;
_c24 cm.
336 _2rdacxontent
_aTekst
_btxt
337 _2rdamedia
_aBez urządzenia pośredniczącego
_bn
338 _2rdacarrier
_aWolumin
_bnc
380 _aKsiążki
380 _aPublikacje fachowe
388 _a191-2000
388 _a1989-2000
504 _aBibliogr. - Indeks.
650 7 _aMikrokontrolery
_2DBN
655 7 _aPodręcznik
_2DBN
658 _aInformatyka i technologie informacyjne
710 2 _aWydawnictwo Mikom
_4pbl
856 _uhttp://koha.tu.koszalin.pl/cgi-bin/koha/opac-detail.pl?biblionumber=51432
_yKatalog online BPK
942 _2UKD
_cKS
999 _c51432
_d51432